Les synonymes du mot "argent" (pièces et billets) - Statistiques

Statistiques générales
  • Ce quiz a été pris 110 fois
    47 depuis la dernière actualisation
  • Le résultat moyen est 5 sur 23
Statistiques - réponses
Indice Réponse % Correct
T argot Thune
63%
O familier Oseille
61%
F argot Flouze
46%
F familier Fric
46%
B argot Blé
44%
M Monnaie
41%
S sous
34%
M argot Maille
29%
P familier Pépettes
20%
P familier Pognon
20%
L Liquide
15%
P argot Pèze
15%
R familier Radis
12%
E Espèces
10%
R argot Rond
10%
F familier Fraiche
7%
A argot Artiche
5%
D Denier
5%
K Kopeck
5%
M familier Mitraille
5%
P familier Picaillon
2%
G argot Grisbi
0%
N Numéraire
0%
Aucun quiz correspondant
Distribution des résultats
% des personnes avec chaque résultat
Percentile par nombre de réponses
Votre historique - résultats
Vous n’avez pas pris ce quiz depuis la dernière actualisation